01463cam a2200301 a 450000100100000000500170001000800410002701000130006802000310008102000240011203500200013604000250015604200140018104300120019505000210020724502660022826000950049430000210058950000500061050400730066065100650073365000230079865000460082165000590086770000300092671000740095671101310103000001449820200929163848.0970911s1996 ck 000 0 spa  a97193766 a9589329047 (obra completa) a958932911X (t. [2]) a(OCoLC)37468954 aDO-SdBNPcspadBNPHU alccopycat as-ck---00aF2279b.E89 199600aEstrategias y experiencias para la construcción de la paz :bmemorias : Primer Encuentro Interuniversitario /corganizado por el Programa de la Universidad de los Andes para la Paz, ANPAZ, entre el 24 y el 26 de mayo de 1995, en Santafé de Bogota, Colombia. a[Santafé de Bogota] :bUniversidad de los Andes, Departamento de Historia, ANPAZ,c1996. a302 p. ;c24 cm. aErrata deslizamiento inserta en cada volumen. aIncluye referencias bibliográficas y notas al pie de las páginas 0aColombiaxPolitics And Governmenty20th centuryxCongresses. 0aPeacexCongresses. 0aPeacexCitizen participationxCongresses. 0aChurch and social problemszColombiaxCatholic church.1 aBermúdez Q., Suzy.cEd.2 aUniversidad de los Andes (Bogotá, Colombia).bPrograma para la Paz.2 aEncuentro Interuniversitario: Estrategias y Experiencias para la Construcción de la Pazn(1st :d1995 :cBogotá, Colombia)